000 00668nam a2200229Ia 4500
003 OSt
005 20220925192855.0
006 a|||||r|||| 00| 0
007 ta
008 220923b |||||||| |||| 00| 0 eng d
037 _cGeneral Book
040 _aRTL
_cRTL
_beng
041 _2eng
_aeng
082 _aX9.2.N91 - N90r, N1/GD
110 _aNational Standard Duncan Limited.
245 0 _aAnnual Report, 1990-91.
260 _aCalcutta
_bNational-Standard duncon Limited
_c1991
300 _a34p.
_ccm.
700 _aNational Standard Duncan Limited.
942 _hX9.2.N91 - N90r, N1/GD
_cGB
_2CC
999 _c523689
_d523689